Statistics for Air Macau Destinations

Click here to take the quiz!

General Stats

  • This quiz has been taken 82 times
    (46 since last reset)
  • The average score is 14 of 27

Answer Stats

Answer% Correct
Beijing
97%
Tokyo (Narita)
92%
Osaka
87%
Seoul
85%
Taiwan (Taoyuan)
85%
Bangkok
79%
Chengdu
74%
Chongqing
69%
Hanoi
69%
Xiamen
67%
Hangzhou
59%
Nanjing
56%
Qingdao
51%
Changsha
49%
Nanning
46%
Kaohsiung
44%
Shanghai (Pudong)
41%
Fukuoka
38%
Shenyang
38%
Shanghai (Hongqiao)
36%
Ningbo
28%
Macau
26%
Da Nang
23%
Hefei
23%
Taiyuan
23%
Wenzhou
23%
Changzhou
15%

Score Distribution

Percentile by Number Answered

Percent of People with Each Score

Your Score History

You have not taken this quiz since the last reset